| 000 | 00911cam a2200229 4500 | ||
|---|---|---|---|
| 001 | ABS64395 | ||
| 008 | 010907n2001 000 0 eng u | ||
| 035 | _a(Sirsi) u114474 | ||
| 100 | _aHolt, S | ||
| 245 | _aFail to get Act together | ||
| 260 | _c2001 | ||
| 490 |
_aEstates Gazette _v(0134) 25 August 2001, 94-95(2) |
||
| 520 | _aExamines the DETR's proposed reforms to the Landlord and Tenant Act 1954 and, while the majority of the proposed amendments are welcome, considers that they fail to address key issues such as in relation to interim rent and periodic tenancies. Also considers that the suggested reforms do not correlate with forthcoming changes to the CPR. | ||
| 590 | _aABS | ||
| 650 | _aLANDLORD AND TENANT ACT 1954 | ||
| 650 | _aREFORMS | ||
| 650 | _aINTERIM RENT | ||
| 650 | _aPERIODIC TENANCIES | ||
| 690 | _aPROPERTY-LANDLORD AND TENANT | ||
| 700 | _aHancock, C | ||
| 942 | _n0 | ||
| 999 |
_c68193 _d68193 |
||